[Event "Titled Tuesday intern op 16th Jan Late"]
[Site "Chess.com INT"]
[Date "2024.01.16"]
[Round "6"]
[White "Drygalov, Sergey"]
[Black "Lin, Bryan Enming"]
[Result "1-0"]
[WhiteElo "2547"]
[BlackElo "2102"]
[PlyCount "131"]
[EventDate "2024.01.16"]
[EventType "swiss (blitz)"]
[EventRounds "11"]
[EventCountry "USA"]
[SourceTitle "CB04_2024"]
[SourceDate "2023.10.16"]
[SourceVersion "1"]
[SourceVersionDate "2023.10.16"]
[SourceQuality "1"]

1. d4 Nf6 2. c4 g6 3. Nf3 Bg7 4. Nc3 0-0 5. e4 d6 6. Be2 e5 7. 0-0 Nc6 8. d5 Ne7 9. b4 Ne8 10. Re1 f5 11. Ng5 h6 12. Ne6 Bxe6 13. dxe6 c6 14. b5 Nc7 15. Ba3 c5 16. Bf3 Nxe6 17. exf5 gxf5 18. Bxb7 Rb8 19. Bd5 Nxd5 20. Nxd5 e4 21. Rb1 Qg5 22. Bc1 Qh4 23. g3 Qh3 24. Nf4 Nxf4 25. Bxf4 Rbd8 26. Qd5+ Kh8 27. a4 h5 28. a5 h4 29. b6 axb6 30. axb6 Bd4 31. Qe6 hxg3 32. hxg3 Rg8 33. Re3 Bxe3 34. Bxe3 Rxg3+ 35. fxg3 Qxg3+ 36. Kf1 Qf3+ 37. Bf2 Qd3+ 38. Kg2 Qf3+ 39. Kf1 Qh1+ 40. Ke2 Qf3+ 41. Ke1 Qc3+ 42. Kf1 Qd3+ 43. Kg1 Qxb1+ 44. Kh2 Qxb6 45. Qf6+ Kg8 46. Qg6+ Kf8 47. Qxf5+ Kg8 48. Qe6+ Kf8 49. Be3 Qb2+ 50. Kh3 Qh8+ 51. Bh6+ Qxh6+ 52. Qxh6+ Ke7 53. Qh7+ Ke8 54. Qxe4+ Kd7 55. Qb7+ Ke6 56. Kg4 Rg8+ 57. Kf4 Rf8+ 58. Ke4 Rh8 59. Qg7 Rh4+ 60. Kd3 Rd4+ 61. Kc3 Kf5 62. Qf7+ Ke5 63. Qe7+ Kf5 64. Kb3 Kf4 65. Qe6 Kf3 66. Qe1 1-0

[Event "Titled Tuesday intern op 16th Jan Early"]
[Site "Chess.com INT"]
[Date "2024.01.16"]
[Round "3"]
[White "Drygalov, Sergey"]
[Black "Saydaliev, Saidakbar"]
[Result "1/2-1/2"]
[WhiteElo "2547"]
[BlackElo "2445"]
[PlyCount "89"]
[EventDate "2024.01.16"]
[EventType "swiss (blitz)"]
[EventRounds "11"]
[EventCountry "USA"]
[SourceTitle "CB04_2024"]
[SourceDate "2023.10.16"]
[SourceVersion "1"]
[SourceVersionDate "2023.10.16"]
[SourceQuality "1"]

1. d4 Nf6 2. c4 e6 3. Nf3 d5 4. Nc3 Bb4 5. Qa4+ Nc6 6. a3 Bxc3+ 7. bxc3 Ne4 8. e3 Nxc3 9. Qc2 Ne4 10. Bd3 Nd6 11. c5 Nf5 12. 0-0 0-0 13. Rb1 h6 14. a4 a5 15. Ba3 Nfe7 16. Rfd1 Ra7 17. e4 dxe4 18. Bxe4 Nd5 19. Ne5 Bd7 20. Nxd7 Qxd7 21. Qb3 Rd8 22. Bb2 Ncb4 23. g3 b5 24. axb5 Qxb5 25. Qf3 Rb8 26. Bc1 Rab7 27. g4 Qc4 28. g5 hxg5 29. Bxg5 f5 30. Rbc1 fxe4 31. Qg4 Nc3 32. Bd2 Ne2+ 33. Kh1 Nxc1 34. Rg1 c6 35. Bh6 Qe2 36. Qxe6+ Kf8 37. Qf6+ Ke8 38. Qe6+ Re7 39. Qg6+ Kd7 40. Qd6+ Ke8 41. Qxb8+ Kd7 42. Qd6+ Ke8 43. Qb8+ Kd7 44. Qd6+ Ke8 45. Qb8+ 1/2-1/2

[Event "Titled Tuesday intern op 16th Jan Late"]
[Site "Chess.com INT"]
[Date "2024.01.16"]
[Round "5"]
[White "Gasparyan, Davit"]
[Black "Drygalov, Sergey"]
[Result "0-1"]
[WhiteElo "2189"]
[BlackElo "2547"]
[PlyCount "68"]
[EventDate "2024.01.16"]
[EventType "swiss (blitz)"]
[EventRounds "11"]
[EventCountry "USA"]
[SourceTitle "CB04_2024"]
[SourceDate "2023.10.16"]
[SourceVersion "1"]
[SourceVersionDate "2023.10.16"]
[SourceQuality "1"]

1. Nf3 d6 2. d4 Nf6 3. g3 g6 4. Bg2 Bg7 5. 0-0 0-0 6. c4 Nc6 7. Nc3 a6 8. Re1 Rb8 9. e4 b5 10. cxb5 axb5 11. a3 Bg4 12. Be3 e5 13. d5 Na5 14. h3 Bxf3 15. Bxf3 Nc4 16. Bc1 Nd7 17. b3 Na5 18. Bb2 f5 19. a4 b4 20. Nb5 Nc5 21. exf5 gxf5 22. Re3 f4 23. gxf4 Rxf4 24. Kh2 Qe7 25. Nd4 Rbf8 26. Nc6 Nxc6 27. dxc6 Kh8 28. Qd5 Qf6 29. Kg2 Ne6 30. a5 Ng5 31. a6 Nxf3 32. a7 Nh4+ 33. Kg1 Rxf2 34. a8Q Rf1+ 0-1

[Event "Titled Tuesday intern op 16th Jan Early"]
[Site "Chess.com INT"]
[Date "2024.01.16"]
[Round "4"]
[White "Kacprzak, Karol1"]
[Black "Drygalov, Sergey"]
[Result "0-1"]
[WhiteElo "2322"]
[BlackElo "2547"]
[PlyCount "74"]
[EventDate "2024.01.16"]
[EventType "swiss (blitz)"]
[EventRounds "11"]
[EventCountry "USA"]
[SourceTitle "CB04_2024"]
[SourceDate "2023.10.16"]
[SourceVersion "1"]
[SourceVersionDate "2023.10.16"]
[SourceQuality "1"]

1. d4 Nf6 2. c4 e6 3. Nf3 d5 4. Nc3 c6 5. Bg5 h6 6. Bxf6 Qxf6 7. e3 Nd7 8. Bd3 g6 9. 0-0 Bg7 10. Qe2 0-0 11. Rfe1 Qe7 12. e4 dxc4 13. Bxc4 b5 14. Bb3 Rb8 15. e5 c5 16. d5 c4 17. d6 Qd8 18. Bc2 b4 19. Na4 Qa5 20. h4 h5 21. b3 c3 22. Rad1 Bb7 23. Be4 Bxe4 24. Qxe4 Rb5 25. Qc6 Nxe5 26. Nxe5 Bxe5 27. d7 Bf6 28. g3 Rd8 29. Re4 Rd5 30. Rxd5 Qxd5 31. Qxd5 exd5 32. Re8+ Kg7 33. Nc5 c2 34. Nd3 Rxd7 35. Rc8 Bc3 36. Rc5 Re7 37. Kf1 Re1+ 0-1